Tư liệu toán cấp 3

Saved in:
Bibliographic Details
Format: Book
Language:Undetermined
Published: Hà Nội Giáo dục 1974
Subjects:
Tags: Add Tag
No Tags, Be the first to tag this record!
Institutions: Trung tâm Học liệu Trường Đại học Cần Thơ
LEADER 00428nam a2200157Ia 4500
001 CTU_9988
008 210402s9999 xx 000 0 und d
082 |a 510 
082 |b T550 
245 0 |a Tư liệu toán cấp 3 
260 |a Hà Nội 
260 |b Giáo dục 
260 |c 1974 
650 |a mathematics - study and teaching 
904 |i Minh, 961003 
980 |a Trung tâm Học liệu Trường Đại học Cần Thơ